Normal view
MARC view
Entry Geographic Name
001 - CONTROL NUMBER
- control field: 21136
003 - CONTROL NUMBER IDENTIFIER
- control field: ARRUPE
005 - DATE AND TIME OF LATEST TRANSACTION
- control field: 20151119105923.0
008 - FIXED-LENGTH DATA ELEMENTS
- fixed length control field: 151119|| aca||aabn | a|a d
040 ## - CATALOGING SOURCE
- Original cataloging agency: ARRUPE
- Transcribing agency: ARRUPE
151 ## - HEADING--GEOGRAPHIC NAME
- Geographic name: United States
- General subdivision: Politics
670 ## - SOURCE DATA FOUND
- Source citation: Work cat.: (ARRUPE): Tocqueville, Alexis de. 9356, De la democratie en Amerique, 1981